000
00256nam a22001097a 4500
008
180802b xxu||||| |||| 00| 0 eng d
082
_a
813.52
245
_a
The Cambridge Lectures
_c
Hawking,S.W
260
_c
1996
300
_a
4
_f
Cassette
942
_2
ddc
_c
MX
999
_c
46730
_d
46730